| 000 | 00927nam a2200241Ia 4500 | ||
|---|---|---|---|
| 001 | 6368 | ||
| 003 | GE_BSU | ||
| 008 | 181216s||||||||xx |||||||||||||| ||und|| | ||
| 040 | _cGE_BSU | ||
| 080 | _a94(47+57),,1941-1945" :821 | ||
| 100 | _aბაქრაძე,დავით. | ||
| 245 | _aგმირთა სისხლით. | ||
| 245 | _bნარკვევი. | ||
| 245 | _cრედ:გ.ნატროშვილი;მხატვ:.ნ.ჩერნიშკოვი. | ||
| 260 | _aთბილისი. | ||
| 260 | _bსახელგამი.(ბეჭვდითი სიტყვის კომბინატი.) | ||
| 260 | _c1950. | ||
| 300 | _a584გვ;ილ;21სმ. | ||
| 300 | _bპორტრ. | ||
| 653 | _aგმირთა სისხლით. | ||
| 653 | _aსაბჭოთა კავშირის დიდი სამამულო ომი. | ||
| 942 | _cBK | ||
| 999 |
_c39763 _d39763 |
||